Anglicko-slovenský a slovensko-anglický slovník

Saved in:
Bibliographic Details
Format: Book
Language:Multiple languages
Published: Košice : Pezolt, 1998
Tags: Add Tag
No Tags, Be the first to tag this record!

MARC

LEADER 00000nam a22000003a 4500
001 stu33321
005 20141122015845.6
008 980925s1998------------------------mul-d
020 |a 80-88797-27-6 
040 |a STU  |b slo 
041 0 |a mul 
080 |a 801.323.2=20=854=854=20  |7 stu_us_auth*stu8388 
245 |a Anglicko-slovenský a slovensko-anglický slovník 
260 |a Košice :  |b Pezolt,  |c 1998 
300 |a 1023 s 
996 |b 284EK08432  |c E*82168  |l EE01  |s A  |a 24  |w stu33321_0001